Do You Know Harry Styles??? - Statistics

General Stats
  • This quiz has been taken 7,816 times
  • The average score is 11 of 15
Answer Stats
Question Answer % Correct
Who was Harry shipped with in the fetus direction days? Louis Tomlinson
96%
What was the name of Harry's debut album? Harry Styles
94%
What was his first solo single? Sign Of The Times
94%
What was Harry's audition song? Isn't She Lovely - Stevie Wonder
93%
What is Harry's sisters name? Gemma
92%
What clothing brand is Harry one of the main faces of? Gucci
89%
How old was Harry when he auditioned for X factor? 16
86%
How many nipples does Harry have? Four
79%
What was the first band Harry was a part of? White Eskimo
65%
What is the last song on his second album? Fine Line
57%
Who is Harry's second album rumored to be about? Camille Rowe
56%
What date was 'Fine Line' released? December 13th
55%
How many songs are in Harry's debut album? 10
54%
What song has Harry not covered on BBC1 Landslide - Stevie Nicks
23%
As of February 2020, what is Harry's net worth? $75 million
18%
No matching quizzes found
Score Distribution
Percent of People with Each Score
Percentile by Number Answered
Your Score History
You have not taken this quiz